800 Solved Problems in Vector Mechanics for Engineers Volume 1 Statics (Record no. 610318)

000 -LEADER
fixed length control field 00435nam a22001337a 4500
020 ## - INTERNATIONAL STANDARD BOOK NUMBER
International Standard Book Number 9780070568358
040 ## - CATALOGING SOURCE
Transcribing agency Nust
082 ## - DEWEY DECIMAL CLASSIFICATION NUMBER
Classification number 620.104076
Author Mark CHE
100 ## - MAIN ENTRY--PERSONAL NAME
Personal name Joseph F. Shelley
9 (RLIN) 124462
245 ## - TITLE STATEMENT
Title 800 Solved Problems in Vector Mechanics for Engineers Volume 1 Statics
260 ## - PUBLICATION, DISTRIBUTION, ETC.
Place of publication, distribution, etc. New York:
Name of publisher, distributor, etc. McGraw-Hill,
Date of publication, distribution, etc. 1990.
650 ## - SUBJECT ADDED ENTRY--TOPICAL TERM
Topical term or geographic name entry element 800 Solved Problems in Vector Mechanics for Engineers Volume 1 Statics
9 (RLIN) 124476
942 ## - ADDED ENTRY ELEMENTS (KOHA)
Source of classification or shelving scheme
Koha item type Book
Holdings
Withdrawn status Lost status Source of classification or shelving scheme Damaged status Not for loan Permanent Location Current Location Shelving location Date acquired Total Checkouts Full call number Barcode Date last seen Price effective from Koha item type
          College of Electrical & Mechanical Engineering (CEME) College of Electrical & Mechanical Engineering (CEME) General Stacks 07/11/2024   620.104076 CHE CEME- 43767 07/11/2024 07/11/2024 Book
          College of Electrical & Mechanical Engineering (CEME) College of Electrical & Mechanical Engineering (CEME) General Stacks 07/11/2024   620.104076 CHE CEME- 43768 07/11/2024 07/11/2024 Book
          College of Electrical & Mechanical Engineering (CEME) College of Electrical & Mechanical Engineering (CEME) General Stacks 07/11/2024   620.104076 CHE CEME- 43769 07/11/2024 07/11/2024 Book
© 2023 Central Library, National University of Sciences and Technology. All Rights Reserved.